000 00849nam a2200289#a 4500
001 00677
003 HDC
007 ta
008 230623s2008 xx 000 0 eng d
020 _a9780415467261 (hbk.).
040 _aHDC
050 _aHG 3300.6
_b .A6 A54 2009
100 _aAng, James S.
245 0 _aFinancial development and economic growth in Malaysia /
_cJames Ang.
264 _aAbingdon, Oxon
_bRoutledge,
_c2008
264 _aNew York, NY :
300 _axiii,197p. ;
_c 23cm
490 _aRoutledge studies in the growth economies of Asia ;
500 _aIncludes bibliographical references and index.
650 _aEconomic development
_zMalaysia.
650 _aFinance
_zMalaysia.
650 _aIntermediation (Finance)
_zMalaysia.
942 _2lcc
942 _cBK
942 _kHG 3300.6
942 _m .A6 A54 2009
999 _c24203
_d24203